Music Quiz

Random Music or Lyrics Quiz

Regurgitated Hip-Hop Lyrics (Clips) Quiz Stats

 Plays Quiz Retired Jul 28, 2021

Support Sporcle.
Go Orange.
Score 0/20 Timer 09:00
0 Plays Today
Time Song % Correct
0:15-0:30Ice Ice Baby
85.3%
0:45-0:58Baby Got Back
80.8%
0:58-1:18Hey Ya!
59.3%
2:38-2:45Crank That (Soulja Boy)
54.4%
0:00-0:15The Humpty Dance
48.1%
2:05-2:25Juicy
37.5%
3:00-3:10Jump Around
34.1%
0:30-0:45Bust a Move
27.8%
3:10-3:25Mama Said Knock You Out
27.1%
2:45-3:00Sabotage
19.8%
Time Song % Correct
1:18-1:30Fight the Power
17.5%
4:35-5:03Informer
15.6%
3:35-3:50Shoop
14.9%
1:30-1:48Straight Outta Compton
14.7%
3:50-4:05Nuthin' but a 'G' Thang
14.5%
1:48-2:05Whoomp! (There It Is)
13.3%
2:25-2:38Me So Horny
8.2%
4:22-4:35Get Ur Freak On
4.7%
3:25-3:35Body Count
2.7%
4:05-4:22Here We Go
2.3%

From the Vault

Fill-in-the-Blank Blitz

by Qaqaq

We're taking 'Fill in the Blank' a little literally today.
Remove Ads.
Support Sporcle.
Get the best of Sporcle when you Go Orange. This ad-free experience offers more features, more stats, and more fun while also helping to support Sporcle. Thank you for becoming a member.

Show Comments

Extras

Top Quizzes Today


Score Distribution

Your Account Isn't Verified!

In order to create a playlist on Sporcle, you need to verify the email address you used during registration. Go to your Sporcle Settings to finish the process.

Report this User

Report this user for behavior that violates our Community Guidelines.

Details: